| 000 | 00975cam a22002771 4500 | ||
|---|---|---|---|
| 001 | 32966 | ||
| 003 | BD-RjUL | ||
| 005 | 20211209051926.0 | ||
| 008 | 140429t1949 enk 001 0 eng d | ||
| 035 | _a(BD-RjUL) | ||
| 035 | _a(BD-RjUL)33056 | ||
| 040 |
_aDLC _cOAk _dDLC _dBD-RjUL _beng |
||
| 041 | 1 | _aengurd | |
| 082 | 0 | 4 |
_a297 _bAHI 1949 |
| 100 | 1 |
_aAḥmad, Bashīruddīn Maḥmūd, _d1889-1965. _9100194 |
|
| 245 | 0 | 0 |
_aIntroduction to the study of the Holy Quran / _cby Hazrat Mirza Bashir UD-DiN mahmud Ahmad |
| 260 |
_aLondon, _bLondon Mosque, _c1949. |
||
| 300 |
_aix, 446 p. : _bill. ; _c22 cm. |
||
| 500 | _aLabel mounted on t.-p.: Washington, D.C., Ahmadiyya Movement in Islam. | ||
| 500 | _a"Qāḍī Muhammad Aslam ... and Sir Muhammad Ẓafrullah Khān ... rendered this general introduction from Urdu into English." | ||
| 504 | _aIncludes index. | ||
| 650 | 0 |
_aAhmadiyya. _999172 |
|
| 942 |
_2ddc _cBK |
||
| 999 |
_c32966 _d32966 |
||